[Event "Budapest"]
[Site "?"]
[Date "1996.??.??"]
[Round "?"]
[White "Rozentalis, E."]
[Black "Glek, I."]
[Result "1-0"]
[WhiteElo "2610"]
[BlackElo "2670"]
[PlyCount "121"]
[EventDate "1996.??.??"]
[Source "ChessBase"]
[SourceDate "1996.10.01"]

1. e4 e5 2. Nf3 d6 3. d4 exd4 4. Qxd4 Nf6 5. Bg5 Be7 6. Nc3 O-O 7. O-O-O Nc6 8. Qd2 Be6 9. h4 Re8 10. Bb5 a6 11. Bxc6 bxc6 12. Nd4 Bd7 13. f3 h6 14. Be3 d5 15. exd5 Nxd5 16. Nxc6 Bxc6 17. Nxd5 Bxd5 18. Qxd5 Bxh4 19. Qxd8 Bxd8 20. Bf4 Kf8 21. g4 Rb8 22. c3 f6 23. Rd7 Re7 24. Rhd1 Ke8 25. R7d2 Rc8 26. Kc2 c6 27. Bd6 Re3 28. Rd3 Re2+ 29. R1d2 Rxd2+ 30. Rxd2 c5 31. c4 Rc6 32. Rd5 Be7 33. Bf4 Kf7 34. Kd3 Ke6 35. Be3 Rc8 36. f4 Bd6 37. f5+ Ke7 38. b3 a5 39. a4 Rc6 40. Ke4 Rc8 41. Bf2 Rc6 42. Rd3 Bc7 43. Rf3 Bb6 44. Bg3 Ba7 45. Kd5 Kd7 46. Re3 Rb6 47. Bf4 Rb7 48. Bd6 Kd8 49. Rd3 Kd7 50. Bxc5 Bxc5 51. Kxc5+ Kc7 52. Re3 Kd7 53. Kd4 Rb8 54. Kc3 g6 55. Rd3+ Kc7 56. fxg6 Rg8 57. Rd5 Rxg6 58. Rxa5 Rxg4 59. Rf5 Rg6 60. a5 Kd6 61. a6 1-0

[Event "SCG First League m"]
[Site "?"]
[Date "2005.10.26"]
[Round "10"]
[White "Efimenko Zahar"]
[Black "Nevednichy Vladislav"]
[Result "1-0"]
[WhiteElo "2637"]
[BlackElo "2594"]
[PlyCount "44"]
[EventDate "2005.??.??"]
[Source "www.chesslib.no"]
[SourceDate "2004.05.04"]

1. e4 e5 2. Nf3 d6 3. d4 exd4 4. Qxd4 a6 5. Bg5 Nc6 6. Qd2 Be7 7. Nc3 Nf6 8. O-O-O O-O 9. Bd3 Re8 10. h3 h6 11. Bf4 Nd7 12. g4 Nde5 13. Be2 Be6 14. Kb1 Bf6 15. Be3 b5 16. Nd5 Bxd5 17. Qxd5 Qe7 18. Rhe1 Nxf3 19. Bxf3 Ne5 20. Be2 g5 21. h4 Ng6 22. hxg5 hxg5 1-0

[Event "1st Serbian League Men"]
[Site "Zlatibor SRB"]
[Date "2007.09.01"]
[Round "11"]
[White "Solodovnichenko, Y."]
[Black "Predojevic, B."]
[Result "1/2-1/2"]
[WhiteElo "2582"]
[BlackElo "2628"]
[PlyCount "91"]
[EventDate "2007.08.21"]
[Source "www.chesslib.no"]
[SourceDate "2004.05.04"]

1. e4 e5 2. Nf3 d6 3. d4 Nf6 4. dxe5 Nxe4 5. Qd5 Nc5 6. Bg5 Qd7 7. exd6 Bxd6 8. Nc3 Qe6+ 9. Be3 Qxd5 10. Nxd5 Ne6 11. Nd2 Nd7 12. Ne4 Be5 13. f4 f5 14. Nec3 Bxc3+ 15. Nxc3 Nf6 16. O-O-O Bd7 17. Bc4 O-O-O 18. g3 a6 19. Nd5 Nxd5 20. Rxd5 Bc6 21. Rxd8+ Nxd8 22. Rd1 Re8 23. Bd4 g6 24. Be5 Bd7 25. Kd2 Be6 26. Bd3 Nf7 27. Re1 Bd5 28. c4 Nxe5 29. Rxe5 Rxe5 30. fxe5 Be6 31. Ke3 g5 32. Kd4 a5 33. Kc5 h6 34. Kb5 b6 35. Kc6 f4 36. gxf4 gxf4 37. Be2 Kd8 38. a3 Bd7+ 39. Kd5 Bf5 40. e6 Bh3 41. Bf3 Ke7 42. Kc6 Bxe6 43. Kxc7 Bxc4 44. Kxb6 a4 45. Kc5 Bb3 46. Kd4 1/2-1/2

[Event "Groningen PCA"]
[Site "Groningen"]
[Date "1993.??.??"]
[Round "2"]
[White "Rozentalis, Eduardas"]
[Black "Agdestein, Simen"]
[Result "1-0"]
[WhiteElo "2600"]
[BlackElo "2610"]
[PlyCount "85"]
[EventDate "1993.12.??"]
[Source "ChessBase"]

1. e4 e5 2. Nf3 d6 3. d4 exd4 4. Qxd4 a6 5. Bg5 Nc6 6. Bxd8 Nxd4 7. Nxd4 Kxd8 8. Bc4 Nh6 9. Nc3 c6 10. f3 Kc7 11. g4 b5 12. Bd3 g6 13. O-O-O Bb7 14. Nde2 Bg7 15. h4 Ng8 16. h5 Ne7 17. h6 Bxc3 18. Nxc3 g5 19. e5 d5 20. Rh5 Rag8 21. b4 Bc8 22. Ne2 c5 23. bxc5 Nc6 24. Re1 Nxe5 25. Nf4 Nxf3 26. Nxd5+ Kc6 27. Ne7+ Kxc5 28. Nxg8 Rxg8 29. Re4 Kd6 30. c3 Be6 31. Rh3 Ne5 32. Rd4+ Kc5 33. Bxh7 Rh8 34. Bf5 Bxa2 35. h7 Bd5 36. Rh5 Nf3 37. Rd3 f6 38. Rh6 Ne5 39. Re3 Bf3 40. Rxf6 Nxg4 41. Bxg4 Bxg4 42. Re5+ Kc4 43. Re4+ 1-0

[Event "EU-ch 2nd"]
[Site "Ohrid"]
[Date "2001.06.09"]
[Round "8"]
[White "Almasi, Zoltan"]
[Black "Nevednichy, Vladislav"]
[Result "0-1"]
[WhiteElo "2640"]
[BlackElo "2563"]
[PlyCount "128"]
[EventDate "2001.06.01"]
[Source "ChessBase"]
[SourceDate "2001.09.13"]

1. e4 e5 2. Nf3 d6 3. d4 exd4 4. Qxd4 a6 5. Bc4 Nc6 6. Qd3 Nf6 7. h3 Be7 8. Nc3 O-O 9. Bb3 Nd7 10. Be3 Nce5 11. Nxe5 dxe5 12. O-O-O c6 13. f4 exf4 14. Bxf4 Bg5 15. g3 Qe7 16. Qd2 Bxf4 17. gxf4 Nc5 18. f5 Kh8 19. Rhg1 a5 20. Rg4 a4 21. Qd4 f6 22. Nxa4 Nxa4 23. Bxa4 b5 24. Bb3 c5 25. Qd5 Ra7 26. c4 Rd7 27. Qc6 Rxd1+ 28. Kxd1 Rd8+ 29. Kc1 bxc4 30. Bxc4 Bxf5 31. Rf4 Bxh3 32. Qb6 h6 33. Rf3 Bg2 34. Rd3 Re8 35. Re3 f5 36. Qg6 Bxe4 37. Bf7 Rf8 38. Qxf5 Rxf7 39. Qxe4 Qxe4 40. Rxe4 g5 41. Rc4 Kh7 42. Rxc5 g4 43. Kd2 Kg6 44. b4 h5 45. Ke3 Rf3+ 46. Ke4 Rf2 47. a4 Rb2 48. Rc4 g3 49. Kf3 g2 50. Rc8 g1=N+ 51. Ke3 Rb3+ 52. Kd4 Ne2+ 53. Ke5 Rxb4 54. Ra8 h4 55. a5 h3 56. Rh8 Rb5+ 57. Ke4 Rh5 58. Rxh5 Kxh5 59. Kf3 Kh4 60. Kf2 Nf4 61. Kg1 Kg3 62. a6 h2+ 63. Kh1 Nh3 64. a7 Nf2# 0-1

[Event "Mind Sports Games - Blitz Ind"]
[Site "Pechino CINA"]
[Date "2008.10.04"]
[Round "6"]
[White "Fier, A."]
[Black "Ghaem Maghami, E."]
[Result "1/2-1/2"]
[WhiteElo "2581"]
[BlackElo "2599"]
[PlyCount "186"]
[EventDate "2008.10.04"]
[Source "www.chesslib.no"]
[SourceDate "2004.05.04"]

1. e4 e5 2. Nf3 d6 3. d4 exd4 4. Nxd4 Nf6 5. Nc3 Be7 6. g3 O-O 7. Bg2 Bg4 8. Nde2 c6 9. O-O Qd7 10. f3 Bh3 11. Nf4 Bxg2 12. Kxg2 b5 13. a3 Na6 14. Be3 Nc7 15. Qd2 a5 16. Rad1 b4 17. axb4 axb4 18. Nce2 Rab8 19. b3 Rfe8 20. Nd4 g6 21. Bf2 Bf8 22. Nde2 d5 23. e5 Rxe5 24. Bd4 Rbe8 25. Bxe5 Rxe5 26. Rfe1 Qd6 27. Nd3 Re8 28. Nef4 Rb8 29. Qe3 Nb5 30. Qe5 Rc8 31. Qxd6 Bxd6 32. Ra1 Nd4 33. Ra2 c5 34. Rd1 Nf5 35. Rda1 Kg7 36. g4 Ne3+ 37. Kf2 d4 38. Ng2 Nfd5 39. Nxe3 dxe3+ 40. Kg2 Re8 41. Ra6 Re6 42. Re1 e2 43. Rxd6 Ne3+ 44. Kf2 Nd1+ 45. Kg3 Rxd6 46. Rxe2 c4 47. bxc4 b3 48. c5 Rd8 49. Re7 bxc2 50. Nc1 Nc3 51. c6 Rc8 52. c7 Nd5 53. Rd7 Nb4 54. Nb3 g5 55. f4 h6 56. h4 gxh4+ 57. Kxh4 Na6 58. Rd6 Nc5 59. Nc1 Rxc7 60. f5 Ne4 61. Rd4 Ng5 62. Rd6 Rc3 63. Rd3 Ne4 64. Kh5 Rxd3 65. Nxd3 Nf2 66. Nc1 f6 67. Kh4 Ne4 68. Kh3 h5 69. gxh5 Kh6 70. Kg4 Nc5 71. Kf4 Kxh5 72. Ke3 Kg4 73. Kd4 Na6 74. Kc3 Kxf5 75. Kxc2 Ke4 76. Kd2 Nc5 77. Ne2 Nb3+ 78. Kc3 Nc5 79. Kd2 Kf3 80. Nd4+ Kf4 81. Ke2 Ke4 82. Nf3 Ne6 83. Nd2+ Kf4 84. Kf2 Nd4 85. Nc4 Nf5 86. Nb6 Ne7 87. Nc4 Ke4 88. Nd6+ Ke5 89. Nc4+ Kd5 90. Ne3+ Kd4 91. Ng4 f5 92. Ne3 Ke4 93. Nxf5 Kd5 1/2-1/2

[Event "Belfort"]
[Site "Belfort"]
[Date "1997.??.??"]
[Round "3"]
[White "Rozentalis, Eduardas"]
[Black "Kosten, Anthony C"]
[Result "1-0"]
[WhiteElo "2645"]
[BlackElo "2530"]
[PlyCount "117"]
[EventDate "1997.10.??"]
[Source "ChessBase"]
[SourceDate "1998.01.31"]

1. e4 e5 2. Nf3 d6 3. d4 Nf6 4. Nc3 Nbd7 5. Bc4 Be7 6. O-O O-O 7. Re1 c6 8. a4 b6 9. Bg5 a6 10. dxe5 Nxe5 11. Nxe5 dxe5 12. Qf3 Nd7 13. Be3 Bb4 14. Red1 Qh4 15. h3 Bxc3 16. bxc3 Nf6 17. Bxb6 Nxe4 18. Bd8 Qf4 19. Qxf4 exf4 20. Ba5 f3 21. Re1 Nd2 22. Ba2 fxg2 23. Kxg2 Bf5 24. Rad1 Ne4 25. f3 Nf6 26. Bb3 Rfe8 27. h4 Nd5 28. Kf2 h6 29. c4 Nf4 30. Bc7 Rxe1 31. Rxe1 Ne6 32. Bb6 g6 33. a5 Kf8 34. Rd1 Ke7 35. c5 g5 36. h5 Rg8 37. Bc4 g4 38. fxg4 Rxg4 39. Bxa6 Rf4+ 40. Ke3 Bxc2 41. Rd6 Ra4 42. Bc8 Bb3 43. Rd7+ Ke8 44. Rd3 Bd5 45. Bb7 Nf4 46. Rd2 Re4+ 47. Kf2 Nh3+ 48. Kg3 Re3+ 49. Kh2 Ng5 50. Rxd5 cxd5 51. a6 Ra3 52. a7 Ra2+ 53. Kg3 Ra3+ 54. Kg4 Ra4+ 55. Kf5 Rxa7 56. Bxa7 d4 57. c6 Ne6 58. Bb6 d3 59. c7 1-0

[Event "JUG-chT"]
[Site "Herceg Novi"]
[Date "2001.05.??"]
[Round "1"]
[White "Hracek, Zbynek"]
[Black "Nevednichy, Vladislav"]
[Result "1/2-1/2"]
[WhiteElo "2602"]
[BlackElo "2563"]
[PlyCount "54"]
[EventDate "2001.05.??"]
[Source "ChessBase"]
[SourceDate "2001.07.03"]

1. e4 e5 2. Nf3 d6 3. d4 Nf6 4. dxe5 Nxe4 5. Qd5 Nc5 6. exd6 Bxd6 7. Be3 Nbd7 8. Nc3 Nf6 9. Qd4 O-O 10. O-O-O Bg4 11. Be2 Qc8 12. h3 Bf5 13. g4 Bg6 14. Nh4 Re8 15. g5 Nfe4 16. Nxg6 hxg6 17. Bg4 Qd8 18. h4 Nxc3 19. Qxc3 Qe7 20. Rhe1 Qe4 21. Qd4 Qc6 22. Qd5 Qb5 23. Be2 Qb4 24. a3 Qa5 25. Bc4 Ne6 26. Qf3 Re7 27. Be2 Qa4 1/2-1/2

[Event "Apeldooen"]
[Site "?"]
[Date "2004.??.??"]
[Round "?"]
[White "Glek, I."]
[Black "Fridman, D."]
[Result "1-0"]
[WhiteElo "2575"]
[BlackElo "2590"]
[PlyCount "77"]
[EventDate "2004.??.??"]
[Source "Chess Informant"]
[SourceDate "2004.10.01"]

1. e4 e5 2. Nf3 d6 3. d4 exd4 4. Qxd4 Nf6 5. Nc3 Be7 6. Bg5 O-O 7. O-O-O Nc6 8. Qd2 Be6 9. h4 h6 10. Bf4 Ng4 11. Nd5 f5 12. exf5 Rxf5 13. Bc4 Bf7 14. Rhe1 Bf8 15. Bg3 Nf6 16. Ne3 Rc5 17. Bxf7+ Kxf7 18. Qd3 a5 19. Qb3+ Kg6 20. Nd5 Nxd5 21. Rxd5 Rxd5 22. Qxd5 Qd7 23. Qd3+ Kf7 24. Qb3+ Kg6 25. Qxb7 Rb8 26. Qa6 Kh7 27. Qd3+ Kh8 28. a3 Qf7 29. Qe4 Ne7 30. Qe6 Qh5 31. Qc4 Qg6 32. Re6 Qf5 33. Nd4 Qg4 34. Qxc7 Rc8 35. Qxd6 Nf5 36. Qd7 Rc5 37. Re8 Kh7 38. Nxf5 Qc4 39. Ne3 1-0

[Event "Tch (Men) 2005/2006 SCG"]
[Site "?"]
[Date "2006.05.06"]
[Round "6"]
[White "Kotronias Vasilios"]
[Black "Sedlak Nikola"]
[Result "1-0"]
[WhiteElo "2598"]
[BlackElo "2564"]
[PlyCount "45"]
[EventDate "2006.??.??"]
[Source "www.chesslib.no"]
[SourceDate "2004.05.04"]

1. e4 e5 2. Nf3 d6 3. d4 exd4 4. Nxd4 Nf6 5. Nc3 Be7 6. Bf4 O-O 7. Qd2 c6 8. O-O-O b5 9. f3 b4 10. Na4 Bd7 11. b3 d5 12. g4 dxe4 13. fxe4 c5 14. Nf5 Bxa4 15. Qxd8 Bxd8 16. bxa4 Nc6 17. e5 Nxg4 18. Bg2 Ngxe5 19. Rhg1 Rc8 20. Bxc6 Nxc6 21. Rxg7+ Kh8 22. Rd6 Bc7 23. Be5 1-0

[Event "Ljubljana 83/282"]
[Site "?"]
[Date "2002.??.??"]
[Round "?"]
[White "Pavasovic, D."]
[Black "Nisipeanu, L.-D."]
[Result "1/2-1/2"]
[WhiteElo "2547"]
[BlackElo "2608"]
[PlyCount "47"]
[EventDate "2002.??.??"]
[Source "Chess Informant"]
[SourceDate "2001.10.01"]

1. e4 e5 2. Nf3 d6 3. d4 exd4 4. Nxd4 Nf6 5. Nc3 Be7 6. Bf4 O-O 7. Qd2 d5 8. Ndb5 c6 9. Nc7 d4 10. O-O-O Nh5 11. Be5 Bg5 12. f4 dxc3 13. Qxd8 Bxd8 14. Nxa8 Bg4 15. Rd3 cxb2+ 16. Kb1 Na6 17. h3 Be6 18. f5 Bc4 19. Rxd8 Rxd8 20. Bxc4 Rxa8 21. Rd1 Nc5 22. g4 b5 23. gxh5 bxc4 24. Rg1 1/2-1/2

[Event "Imperia"]
[Site "?"]
[Date "1993.??.??"]
[Round "?"]
[White "Tiviakov, S."]
[Black "Barbero, G."]
[Result "1-0"]
[WhiteElo "2635"]
[BlackElo "2520"]
[PlyCount "45"]
[EventDate "1993.??.??"]
[Source "ChessBase"]
[SourceDate "1993.10.01"]

1. e4 e5 2. Nf3 d6 3. d4 Nf6 4. dxe5 Nxe4 5. Qd5 Nc5 6. Bg5 Qd7 7. exd6 Bxd6 8. Nc3 O-O 9. O-O-O Nc6 10. Nb5 Qg4 11. Nxd6 cxd6 12. Be3 Be6 13. Qxd6 Ne4 14. Qa3 Rfd8 15. Bd3 Nf6 16. Bg5 Nb4 17. h3 Qxg2 18. Rhg1 Qxf2 19. Bxf6 Qe3+ 20. Kb1 Bxa2+ 21. Ka1 Qb6 22. Rxg7+ Kf8 23. Rxh7 1-0

[Event "It (open)"]
[Site "Biel (Switzerland)"]
[Date "2007.07.26"]
[Round "4"]
[White "Jenni Florian (SUI)"]
[Black "Bauer Christian (FRA)"]
[Result "0-1"]
[WhiteElo "2527"]
[BlackElo "2626"]
[PlyCount "86"]
[EventDate "2007.??.??"]
[Source "www.chesslib.no"]
[SourceDate "2004.05.04"]

1. e4 e5 2. Nf3 d6 3. d4 exd4 4. Nxd4 Nf6 5. Nc3 Be7 6. Be2 O-O 7. O-O Re8 8. f4 Bf8 9. Bf3 c5 10. Nb3 Nc6 11. Be3 Bf5 12. Nd2 d5 13. Nxd5 Nxd5 14. Bf2 Nxf4 15. exf5 Qg5 16. Bg3 Nd4 17. Rf2 Rad8 18. Bxf4 Qxf4 19. Be4 Qh6 20. c4 b5 21. b3 Bd6 22. g3 bxc4 23. bxc4 Be5 24. Bd5 Nc2 25. Qxc2 Bxa1 26. Nf3 Rb8 27. Qd1 Bf6 28. Kg2 Qe3 29. Qa4 Re7 30. Qc6 h5 31. h4 Qd3 32. Qd6 Qb1 33. Qxc5 Qb6 34. Qxb6 Rxb6 35. Ng5 Rb2 36. Ne4 Rxf2+ 37. Kxf2 Bd4+ 38. Ke2 Re5 39. Kd3 Bb6 40. f6 gxf6 41. Nxf6+ Kg7 42. Ne4 f5 43. Nd6 Kf6 0-1

[Event "Mind Sports Games - Blitz Pair KO"]
[Site "Pechino CINA"]
[Date "2008.10.09"]
[Round "2.1"]
[White "Aveskulov, V."]
[Black "Ghaem Maghami, E."]
[Result "1-0"]
[WhiteElo "2544"]
[BlackElo "2599"]
[PlyCount "145"]
[EventDate "2008.10.08"]
[Source "www.chesslib.no"]
[SourceDate "2004.05.04"]

1. e4 e5 2. Nf3 d6 3. d4 exd4 4. Nxd4 Nf6 5. Nc3 Be7 6. Be2 O-O 7. O-O Re8 8. Re1 Bf8 9. Bf1 c6 10. Bg5 h6 11. Bh4 Nbd7 12. a4 Ne5 13. a5 Bd7 14. Qd2 Ng6 15. Bg3 Nh5 16. Bc4 Qf6 17. Rad1 Rad8 18. f3 Nxg3 19. hxg3 Qe5 20. Nce2 a6 21. Bb3 Qf6 22. Nf4 Ne5 23. Nde2 g6 24. Qd4 Bc8 25. Qf2 h5 26. c3 Qg5 27. Ba2 Qf6 28. Rd2 Qe7 29. Red1 Qc7 30. b4 Qe7 31. Bb3 Qf6 32. Qe3 Bh6 33. Qf2 h4 34. Rd4 Kg7 35. Nd3 hxg3 36. Nxg3 Bg5 37. Ne2 Qe7 38. f4 Nxd3 39. R1xd3 Bh4 40. Qf3 Bf6 41. e5 dxe5 42. Rxd8 Rxd8 43. fxe5 Bxe5 44. Rxd8 Qxd8 45. Qxf7+ Kh6 46. Bc2 Qf6 47. Qxf6 Bxf6 48. Kf2 Bg4 49. Nd4 Kg7 50. Ke3 Be5 51. Be4 Bd7 52. Kd3 Kf6 53. Nb3 Bd6 54. Ke3 Be6 55. Nd4 Bc4 56. Nf3 c5 57. Nd2 Be6 58. Bxb7 cxb4 59. Ne4+ Ke7 60. Nxd6 Kxd6 61. cxb4 Bc4 62. Kd4 Bf1 63. Be4 g5 64. g3 Kc7 65. Bd3 Bg2 66. Bxa6 Kd6 67. Bc4 Ba8 68. Bd3 Kc7 69. Be4 Bxe4 70. Kxe4 Kc6 71. Kf5 Kb5 72. Kxg5 Kxb4 73. a6 1-0

[Event "Liepajas Rokade"]
[Site "Liepaya"]
[Date "2004.07.31"]
[Round "10"]
[White "Stefansson, Hannes"]
[Black "Fridman, Daniel"]
[Result "0-1"]
[WhiteElo "2549"]
[BlackElo "2590"]
[PlyCount "68"]
[EventDate "2004.07.30"]
[SourceDate "2004.08.11"]

1. e4 e5 2. Nf3 d6 3. d4 exd4 4. Nxd4 Nf6 5. Nc3 Be7 6. Be3 O-O 7. Be2 Re8 8. f3 d5 9. exd5 Nxd5 10. Nxd5 Qxd5 11. Nb5 Qe5 12. Qd4 Qxd4 13. Bxd4 Na6 14. Kf2 Bd7 15. Rad1 Bh4+ 16. g3 Rxe2+ 17. Kxe2 Bxb5+ 18. Kf2 Be7 19. Rhe1 Bd6 20. a3 f6 21. b4 Kf7 22. c3 Nb8 23. Be3 Nd7 24. Bf4 Bxf4 25. gxf4 Nb6 26. Rd4 a5 27. Rde4 axb4 28. axb4 Kf8 29. Rd4 Nc4 30. Rde4 Nd6 31. Re7 Ra2+ 32. Kg1 Nf5 33. Rxc7 Nh4 34. Re3 Ra1+ 0-1

[Event "Yerevan ARM"]
[Site "?"]
[Date "1996.09.18"]
[Round "3"]
[White "Hracek Zbynek CZE"]
[Black "Murshed Niaz BAN"]
[Result "1-0"]
[WhiteElo "2625"]
[BlackElo "2510"]
[PlyCount "77"]
[EventDate "1996.??.??"]
[Source "www.chesslib.no"]
[SourceDate "2004.05.04"]

1. e4 e5 2. Nf3 d6 3. d4 Nd7 4. Bc4 c6 5. O-O Be7 6. dxe5 dxe5 7. Ng5 Bxg5 8. Qh5 Qe7 9. Qxg5 Ngf6 10. b3 O-O 11. a4 Rd8 12. Ba3 Qe8 13. Nd2 Nf8 14. Rad1 Ng6 15. Rfe1 b5 16. axb5 cxb5 17. Bf1 h6 18. Qe3 Nf4 19. c4 a6 20. Bb2 Bb7 21. f3 Bc6 22. Nb1 bxc4 23. bxc4 Rdb8 24. Ba1 Qe7 25. Nc3 Nd7 26. Nd5 Qg5 27. g3 Ba4 28. Rb1 Ne6 29. Qxg5 hxg5 30. Bh3 Nec5 31. Nc7 Rxb1 32. Rxb1 Ra7 33. Nd5 f6 34. Bc3 a5 35. Ra1 Bb3 36. Ne7+ Kf7 37. Nc6 Rc7 38. Nxa5 Nb6 39. Nxb3 1-0

[Event "Moscow 5'"]
[Site "Moscow RUS"]
[Date "1972.??.??"]
[Round "?"]
[White "Tal, Mikhail N"]
[Black "Antoshin, Vladimir S"]
[Result "1-0"]
[WhiteElo "2625"]
[BlackElo "2510"]
[PlyCount "59"]
[EventDate "1972.??.??"]
[Source "www.chesslib.no"]
[SourceDate "2004.05.04"]

1. e4 e5 2. Nf3 d6 3. d4 exd4 4. Nxd4 Nf6 5. Nc3 Be7 6. g3 d5 7. e5 Ng4 8. e6 Nf6 9. exf7+ Kxf7 10. Bg2 c6 11. O-O Re8 12. b3 Na6 13. Bb2 Nc5 14. Re1 Bg4 15. Qd2 Qd7 16. f3 Bh5 17. Nce2 Bd6 18. Nf4 Bxf4 19. Qxf4 Bg6 20. Ba3 Ne6 21. Rxe6 Rxe6 22. Bh3 Rae8 23. Nxe6 Rxe6 24. Qb4 Bxc2 25. Bxe6+ Qxe6 26. Re1 Qc8 27. Re7+ Kg6 28. g4 b6 29. Qd2 Bb1 30. Qd1 1-0

[Event "YUG team ch."]
[Site "?"]
[Date "2002.??.??"]
[Round "?"]
[White "Hracek Zbynek"]
[Black "Nevednichy Vladislav"]
[Result "1/2-1/2"]
[WhiteElo "2600"]
[BlackElo "2535"]
[PlyCount "41"]
[EventDate "2002.??.??"]
[Source "www.chesslib.no"]
[SourceDate "2004.05.04"]

1. e4 e5 2. Nf3 d6 3. d4 exd4 4. Nxd4 Nf6 5. Nc3 Be7 6. Bf4 O-O 7. Qd2 Nc6 8. O-O-O Nxd4 9. Qxd4 Be6 10. Kb1 a6 11. f3 Re8 12. g4 Nd7 13. Nd5 Bxd5 14. Qxd5 Nc5 15. Bc1 c6 16. Qd2 h6 17. Bg2 a5 18. h4 Bxh4 19. Qxd6 Qxd6 20. Rxd6 Bg5 21. Rhd1 1/2-1/2

[Event "Dhaka New White Plus op"]
[Site "Dhaka"]
[Date "2002.04.07"]
[Round "9"]
[White "Sermek, Drazen"]
[Black "Fominyh, Alexander"]
[Result "1-0"]
[WhiteElo "2595"]
[BlackElo "2536"]
[PlyCount "59"]
[EventDate "2002.03.30"]
[Source "ChessBase"]
[SourceDate "2002.05.03"]

1. e4 e5 2. Nf3 d6 3. d4 exd4 4. Nxd4 g6 5. Nc3 Bg7 6. Be3 Nf6 7. f3 Nbd7 8. Qd2 h6 9. O-O-O Nb6 10. Ndb5 Bd7 11. Kb1 h5 12. Bg5 a6 13. Nxd6+ cxd6 14. Qxd6 Be6 15. Qxd8+ Rxd8 16. Rxd8+ Kxd8 17. e5 Nbd7 18. exf6 Bxf6 19. Ne4 Bxg5 20. Nxg5 Re8 21. Nxe6+ Rxe6 22. Bc4 Re7 23. h4 Ne5 24. Rd1+ Kc7 25. Bd5 Rd7 26. Kc1 f6 27. Be4 Re7 28. b3 f5 29. Bd5 Nf7 30. Kd2 1-0

[Event "Moscow-4teams"]
[Site "Moscow"]
[Date "1981.??.??"]
[Round "?"]
[White "Balashov, Yuri S"]
[Black "Giorgadze, Tamaz"]
[Result "1/2-1/2"]
[WhiteElo "2600"]
[BlackElo "2530"]
[PlyCount "46"]
[EventDate "1981.06.??"]
[Source "ChessBase"]

1. e4 e5 2. Nf3 d6 3. d4 exd4 4. Nxd4 Nf6 5. Nc3 Be7 6. Be2 O-O 7. O-O a6 8. Re1 c5 9. Nb3 Nc6 10. Bf4 b6 11. Qd2 Bb7 12. Rad1 Ne5 13. Bg3 Qc8 14. f4 Ng6 15. Bf3 Rd8 16. Qe2 Bf8 17. Nd2 b5 18. Nf1 Re8 19. f5 Ne5 20. Ne3 Bc6 21. Ncd5 Nxd5 22. Nxd5 Qb7 23. Qf2 a5 1/2-1/2

[Event "4th GP du Senat"]
[Site "Paris"]
[Date "2003.09.07"]
[Round "2.1"]
[White "Skripchenko Lautier, Almira"]
[Black "Fressinet, Laurent"]
[Result "0-1"]
[WhiteElo "2489"]
[BlackElo "2640"]
[PlyCount "82"]
[EventDate "2003.09.06"]
[Source "Roberto Alvarez"]
[SourceDate "2003.09.22"]

1. e4 e5 2. Nf3 d6 3. d4 exd4 4. Qxd4 a6 5. Bg5 Nc6 6. Qe3 Be7 7. Nc3 Bxg5 8. Nxg5 h6 9. Nf3 Nf6 10. O-O-O Qe7 11. h3 b5 12. Bd3 Bb7 13. g4 O-O-O 14. a4 b4 15. Ne2 Kb8 16. Nfd4 Ne5 17. Nf5 Qd7 18. b3 Nxd3+ 19. cxd3 h5 20. g5 Nd5 21. Qd4 g6 22. Nh6 Qe7 23. f4 Nxf4 24. Nxf4 Qxg5 25. Rhf1 Rxh6 26. Kb1 a5 27. Nd5 f5 28. Rc1 Rc8 29. Rc2 Rh7 30. Rfc1 c5 31. Qc4 Qd8 32. Rg1 Ka7 33. Ne3 fxe4 34. dxe4 Re7 35. Ka2 Rxe4 36. Qd3 g5 37. Rd2 Rd4 38. Qe2 Rxd2+ 39. Qxd2 Qf6 40. Nd5 Bxd5 41. Rxg5 Bb7 0-1

[Event "Grand Prix du Senat"]
[Site "Paris"]
[Date "2001.04.06"]
[Round "2.5"]
[White "Spassky, Boris V"]
[Black "Fressinet, Laurent"]
[Result "1/2-1/2"]
[WhiteElo "2551"]
[BlackElo "2575"]
[PlyCount "40"]
[EventDate "2001.05.05"]
[Source "ChessBase"]
[SourceDate "2001.07.05"]

1. e4 e5 2. Nf3 d6 3. d4 exd4 4. Nxd4 Nf6 5. Nc3 Be7 6. g3 d5 7. exd5 Nxd5 8. Nde2 Nxc3 9. Qxd8+ Bxd8 10. Nxc3 Bf5 11. Bg2 Nc6 12. Bf4 O-O 13. O-O-O Re8 14. Rhe1 Rxe1 15. Rxe1 Kf8 16. Nd5 Rc8 17. Ne3 Be6 18. Bd5 Bxd5 19. Nxd5 Ne7 20. Nxe7 Bxe7 1/2-1/2

[Event "Krasnodar"]
[Site "?"]
[Date "1998.??.??"]
[Round "2"]
[White "Brodsky Michail"]
[Black "Kuzmin Gennadi P"]
[Result "1/2-1/2"]
[WhiteElo "2545"]
[BlackElo "2580"]
[PlyCount "21"]
[EventDate "1998.??.??"]
[Source "www.chesslib.no"]
[SourceDate "2004.05.04"]

1. e4 e5 2. Nf3 d6 3. d4 exd4 4. Qxd4 a6 5. Bg5 Nc6 6. Qd2 Nf6 7. Nc3 Be7 8. O-O-O O-O 9. h3 b5 10. Qe3 Qe8 11. Be2 1/2-1/2

[Event "XIX Carlos Torre Mem KO"]
[Site "Merida MES"]
[Date "2006.12.19"]
[Round "2.2"]
[White "Tiviakov, S."]
[Black "De la Paz, F."]
[Result "1/2-1/2"]
[WhiteElo "2680"]
[BlackElo "2442"]
[PlyCount "66"]
[EventDate "2006.12.18"]
[Source "www.chesslib.no"]
[SourceDate "2004.05.04"]

1. e4 e5 2. Nf3 d6 3. d4 exd4 4. Nxd4 Nf6 5. Nc3 Be7 6. Bc4 O-O 7. O-O Re8 8. Re1 Nbd7 9. a3 Bf8 10. Bg5 h6 11. Bh4 Ne5 12. Bb3 Ng6 13. Bg3 c6 14. h3 a5 15. a4 Qb6 16. Qd2 Bd7 17. Rad1 Rad8 18. f3 Bc8 19. Qf2 d5 20. exd5 Rxe1+ 21. Qxe1 Bc5 22. Bf2 Nf4 23. Nde2 N4xd5 24. Nxd5 Nxd5 25. Bxd5 Rxd5 26. Nc3 Rxd1 27. Nxd1 Bf5 28. Qc3 Qd8 29. Bxc5 Qxd1+ 30. Kh2 Qxc2 31. Qxc2 Bxc2 32. Bb6 Bxa4 33. Bxa5 f6 1/2-1/2

[Event "Deutschland"]
[Site "?"]
[Date "2005.02.13"]
[Round "7.1"]
[White "Kasimdzhanov Rustam"]
[Black "Zaitsev Mikhail"]
[Result "1/2-1/2"]
[WhiteElo "2650"]
[BlackElo "2471"]
[PlyCount "76"]
[EventDate "2005.??.??"]
[Source "www.chesslib.no"]
[SourceDate "2004.05.04"]

1. e4 e5 2. Nf3 d6 3. d4 exd4 4. Nxd4 Nf6 5. Nc3 Be7 6. Nde2 O-O 7. g3 b5 8. Bg2 Bb7 9. O-O c6 10. a3 Re8 11. Bf4 Bf8 12. Qd3 Nh5 13. Be3 Nd7 14. f4 Nhf6 15. h3 a5 16. b4 c5 17. bxc5 b4 18. axb4 axb4 19. cxd6 bxc3 20. e5 Bxg2 21. Kxg2 Nxe5 22. fxe5 Rxe5 23. Bf4 Rd5 24. Qf3 Rc8 25. Rad1 Rxd1 26. Rxd1 Qa5 27. Nd4 Qc5 28. Nb3 Qb5 29. Rd3 Nd7 30. Qd5 Qxd5+ 31. Rxd5 f6 32. g4 Kf7 33. Kf3 Rc4 34. Bg3 Ke6 35. Rd1 Nb6 36. Bf2 Nd7 37. Bg3 Nb6 38. Bf2 Nd7 1/2-1/2

[Event "1st League TCh-SCG"]
[Site "Budva"]
[Date "2003.08.31"]
[Round "3"]
[White "Perunovic, Milos"]
[Black "Nevednichy, Vladislav"]
[Result "1/2-1/2"]
[WhiteElo "2527"]
[BlackElo "2593"]
[PlyCount "35"]
[EventDate "2003.08.29"]
[Source "Roberto Alvarez"]
[SourceDate "2003.10.27"]

1. e4 e5 2. Nf3 d6 3. d4 exd4 4. Nxd4 Nf6 5. Nc3 Be7 6. Be2 O-O 7. O-O Re8 8. Re1 Bf8 9. Bf1 c6 10. Bg5 Nbd7 11. Qd2 h6 12. Bh4 Ne5 13. h3 Ng6 14. Bg3 Qb6 15. Na4 Qc7 16. Nc3 Qb6 17. Na4 Qc7 18. Nc3 1/2-1/2